[Event "Mhan 2009"]
[Site "Baud"]
[Date "2008.10.11"]
[Round "1.1"]
[White "Pouliquen, Alain"]
[Black "Payet, Quentin"]
[Result "1-0"]
[WhiteElo "1695"]
[BlackElo "2050"]
[Annotator "Salaun,Michel"]
[PlyCount "95"]
[EventDate "2008.10.11"]
[EventType "swiss"]
[EventRounds "1"]
[EventCountry "FRA"]
[SourceDate "2008.12.01"]

1. d4 e6 2. c4 Nf6 3. Nc3 d5 4. Bg5 Nbd7 5. e3 h6 6. Bh4 Bb4 7. Nf3 c6 8. Qc2
Qa5 9. Bd3 dxc4 10. Bxc4 O-O 11. O-O Nd5 12. Nxd5 cxd5 13. Bd3 Bd6 14. a3 b5
15. Qc6 Qc7 16. Rfc1 Qb6 17. Qxb6 Nxb6 18. Rc6 Bb8 19. Bxb5 g5 20. Bg3 Bxg3 21.
hxg3 Bd7 22. Rxb6 axb6 23. Bxd7 Ra7 24. Bb5 Rc8 25. Ne5 Rc2 26. Nd3 Kf8 27. Kf1
Ke7 28. Ke1 f6 29. Kd1 Rc8 30. Rc1 Rxc1+ 31. Kxc1 Rc7+ 32. Kd2 Kd6 33. Nc1 e5
34. Na2 f5 35. Nc3 f4 36. dxe5+ Kxe5 37. exf4+ gxf4 38. gxf4+ Kd4 39. f5 Rf7
40. g4 h5 41. Be8 h4 42. Ne2+ Ke4 43. Bxf7 h3 44. Ng3+ Kf3 45. Bxd5+ Kxf2 46.
f6 Kg1 47. f7 b5 48. f8=Q 1-0

[Event "Mhan 2009"]
[Site "Baud"]
[Date "2008.10.11"]
[Round "1.7"]
[White "Tonal, Jean Jacques"]
[Black "Le Clanche, Marcel"]
[Result "0-1"]
[WhiteElo "1578"]
[BlackElo "1910"]
[Annotator "Salaun,Michel"]
[PlyCount "100"]
[EventDate "2008.10.11"]
[EventType "swiss"]
[EventRounds "1"]
[EventCountry "FRA"]
[SourceDate "2008.12.01"]

1. f4 d5 2. Nf3 c5 3. e3 Nc6 4. Bb5 Bd7 5. Bxc6 bxc6 6. b3 Nf6 7. Bb2 e6 8. O-O
Bd6 9. Ne5 O-O 10. d3 Rb8 11. Nd2 Ne8 12. Ndf3 f6 13. Ng4 Qe7 14. Nf2 e5 15.
fxe5 fxe5 16. e4 Nf6 17. Qe2 d4 18. Rae1 Nh5 19. Bc1 Nf4 20. Bxf4 Rxf4 21. g3
Rf7 22. Kg2 Rbf8 23. Nh3 h6 24. Nd2 Be6 25. Rxf7 Rxf7 26. Rf1 Qd7 27. Ng1 Bg4
28. Rxf7 Kxf7 29. Qf2+ Kg8 30. Nc4 Be7 31. Nd2 Bd8 32. Nc4 Qe6 33. h3 Bh5 34.
Qf5 Qxf5 35. exf5 Bd1 36. Nxe5 Bxc2 37. Nxc6 Bc7 38. Nxa7 Bxd3 39. Kf3 Bxf5 40.
Nb5 Bb8 41. a3 Bd7 42. a4 Kf7 43. g4 Ke7 44. Ke2 Be6 45. b4 cxb4 46. Nxd4 b3
47. Ngf3 Bf4 48. Nxb3 Bxb3 49. a5 Bc4+ 50. Kd1 Bc7 0-1

[Event "Mhan 2009"]
[Site "Arradon"]
[Date "2008.11.15"]
[Round "2.15"]
[White "Berthelot, Eric"]
[Black "Bonhomme, Christian"]
[Result "1/2-1/2"]
[WhiteElo "1460"]
[BlackElo "1640"]
[Annotator "Salaun,Michel"]
[PlyCount "96"]
[EventDate "2008.11.15"]
[EventType "swiss"]
[EventRounds "2"]
[EventCountry "FRA"]
[SourceDate "2008.12.01"]

1. d4 d5 2. c4 e6 3. Nc3 Nf6 4. Bg5 Be7 5. Nf3 O-O 6. e3 b6 7. Bd3 dxc4 8. Bxc4
Bb7 9. O-O Nbd7 10. Be2 Re8 11. Rc1 c5 12. dxc5 Nxc5 13. Qc2 Qc8 14. Qb1 Ba6
15. b4 Bxe2 16. Nxe2 Qa6 17. bxc5 Qxe2 18. c6 Bd6 19. Rc2 Qa6 20. Bxf6 gxf6 21.
Qb2 e5 22. Rd1 Rad8 23. Qb3 Bc5 24. Rd7 Rxd7 25. cxd7 Rd8 26. Rd2 Qb7 27. Qa4
Qc7 28. Rd1 Bd6 29. Qh4 Qc2 30. Qg4+ Kf8 31. Nh4 Rxd7 32. Nf5 Ke8 33. Rf1 Bf8
34. a4 Rd5 35. Ng7+ Bxg7 36. Qxg7 Rd1 37. Qg8+ Ke7 38. g3 Rxf1+ 39. Kxf1 Qxa4
40. Qxh7 Qc4+ 41. Kg2 Qc6+ 42. Kg1 b5 43. Qb1 a5 44. h4 b4 45. h5 Qf3 46. h6
Qh5 47. h7 Kf8 48. Qe4 Kg7 1/2-1/2

[Event "Mhan 2009"]
[Site "Arradon"]
[Date "2008.11.15"]
[Round "2.10"]
[White "Le Garrec, Maxime"]
[Black "Pouliquen, Alain"]
[Result "0-1"]
[WhiteElo "1790"]
[BlackElo "1695"]
[Annotator "Salaun,Michel"]
[PlyCount "72"]
[EventDate "2008.11.15"]
[EventType "swiss"]
[EventRounds "2"]
[EventCountry "FRA"]
[SourceDate "2008.12.01"]

1. e4 d5 2. exd5 Qxd5 3. Nc3 Qa5 4. Bc4 Nf6 5. h3 Bf5 6. Nf3 e6 7. Nh4 Be7 8.
Nxf5 Qxf5 9. d4 c6 10. Bd3 Qa5 11. O-O Nbd7 12. a3 O-O 13. Bf4 Nd5 14. b4 Qd8
15. Nxd5 cxd5 16. Rc1 a5 17. Rb1 axb4 18. axb4 Nb6 19. Qe2 Bd6 20. Bd2 Qc7 21.
Rfc1 Bf4 22. Bxf4 Qxf4 23. Qd1 Rfc8 24. Ra1 g6 25. Rxa8 Rxa8 26. Bb5 Rc8 27.
Ra1 Qe4 28. Ra2 Nc4 29. c3 Qf4 30. Ra7 Nd6 31. g3 Qh6 32. Qd3 Qc1+ 33. Kg2 Rxc3
34. Qf1 Qd2 35. Ra8+ Kg7 36. Bd7 Ne4 0-1

[Event "Mhan 2009"]
[Site "Arradon"]
[Date "2008.11.15"]
[Round "2.11"]
[White "Legras, Sebastien"]
[Black "Josse, Emanuelle"]
[Result "1-0"]
[WhiteElo "1499"]
[BlackElo "1422"]
[Annotator "Salaun,Michel"]
[PlyCount "73"]
[EventDate "2008.11.15"]
[EventType "swiss"]
[EventRounds "2"]
[EventCountry "FRA"]
[SourceDate "2008.12.01"]

1. d4 g6 2. e4 Bg7 3. Nc3 Nc6 4. e5 d6 5. exd6 cxd6 6. d5 Ne5 7. Bb5+ Nd7 8.
Nf3 a6 9. Bc4 Ne5 10. Nxe5 Bxe5 11. O-O Bxc3 12. bxc3 Nf6 13. Bh6 Qa5 14. Qd4
Qc5 15. Qh4 Nxd5 16. Rfe1 Be6 17. Bg7 Rg8 18. Qxh7 O-O-O 19. Bb3 b5 20. Bd4 Qc6
21. a4 Rge8 22. axb5 axb5 23. Qh4 Rd7 24. c4 bxc4 25. Ba4 Qb7 26. Reb1 Qc7 27.
Bb5 Nb6 28. Bxb6 Qb7 29. Ba6 Bd5 30. Bxb7+ Bxb7 31. Qxc4+ Kb8 32. Qxf7 Rc8 33.
Qe6 Bc6 34. Bd8+ Rb7 35. Qxe7 Rxb1+ 36. Rxb1+ Ka8 37. Ra1+ 1-0

[Event "Mhan 2009"]
[Site "Arradon"]
[Date "2008.11.15"]
[Round "2.6"]
[White "Le Clanche, Marcel"]
[Black "Bremond, Edouard"]
[Result "0-1"]
[WhiteElo "1910"]
[BlackElo "1755"]
[Annotator "Salaun,Michel"]
[PlyCount "72"]
[EventDate "2008.11.15"]
[EventType "swiss"]
[EventRounds "2"]
[EventCountry "FRA"]
[SourceDate "2008.12.01"]

1. d4 d5 2. c4 e6 3. Nc3 Nf6 4. Nf3 c6 5. e3 Be7 6. Bd3 dxc4 7. Bxc4 b5 8. Bd3
Nbd7 9. O-O O-O 10. a3 a6 11. Ne4 Bb7 12. b4 Nxe4 13. Bxe4 Nf6 14. Bd3 a5 15.
Bd2 axb4 16. Bxb4 Bxb4 17. axb4 Nd5 18. Rxa8 Qxa8 19. Qb3 Qa4 20. Qxa4 bxa4 21.
b5 cxb5 22. Bxb5 Nc3 23. Bd3 a3 24. Ra1 Ra8 25. Nd2 a2 26. f3 Nd5 27. Kf2 Nb4
28. Ke2 Ba6 29. Bxa6 Rxa6 30. Kd1 Ra3 31. e4 Rd3 32. Ke2 Rxd4 33. Nb3 Rc4 34.
Rd1 Kf8 35. Kf2 Rc2+ 36. Kg3 Rb2 0-1

[Event "Mhan 2009"]
[Site "Arradon"]
[Date "2008.11.15"]
[Round "2.14"]
[White "Roussel, Yanis"]
[Black "Siclet, Pascal"]
[Result "0-1"]
[WhiteElo "1670"]
[BlackElo "1499"]
[Annotator "Salaun,Michel"]
[PlyCount "61"]
[EventDate "2008.11.15"]
[EventType "swiss"]
[EventRounds "2"]
[EventCountry "FRA"]
[SourceDate "2008.12.01"]

1. e4 c5 2. Nf3 Nc6 3. d4 e6 4. c4 h6 5. d5 Nce7 6. Nbd2 d6 7. Nb3 Nf6 8. Bd3
g6 9. O-O Bg7 10. Bd2 O-O 11. Qc1 Kh7 12. Re1 e5 13. h3 Rh8 14. Nh2 Kg8 15. f4
Nd7 16. Be2 f5 17. exf5 Nxf5 18. Bg4 Nd4 19. Bxd7 Bxd7 20. fxe5 Bxe5 21. Bxh6
Bxh2+ 22. Kxh2 Qh4 23. Bg5 Nf3+ 24. Kh1 Nxg5 25. Qc2 Bf5 26. Qc3 Be4 27. Re2
Nxh3 28. Rae1 Nf4+ 29. Kg1 Nxe2+ 30. Rxe2 Qh1+ 31. Kf2 0-1

[Event "Mhan 2009"]
[Site "Arradon"]
[Date "2008.11.15"]
[Round "2.12"]
[White "Stephan, Victor"]
[Black "Loizil, Joel"]
[Result "1-0"]
[WhiteElo "2155"]
[BlackElo "1843"]
[Annotator "Salaun,Michel"]
[PlyCount "67"]
[EventDate "2008.11.15"]
[EventType "swiss"]
[EventRounds "2"]
[EventCountry "FRA"]
[SourceDate "2008.12.01"]

1. e4 e6 2. d4 b6 3. c4 Bb7 4. Bd3 c5 5. d5 e5 6. f4 d6 7. Nf3 Nd7 8. O-O Ngf6
9. Nc3 Be7 10. fxe5 Nxe5 11. Nxe5 dxe5 12. Qf3 O-O 13. Qg3 Qb8 14. Bg5 Kh8 15.
Qh4 Rg8 16. Rf3 Bc8 17. Raf1 a6 18. Rg3 Qd6 19. Nd1 Ra7 20. Ne3 Ne8 21. Nf5
Bxf5 22. Rxf5 Bxg5 23. Qxg5 f6 24. Qg6 h6 25. Rh3 Qf8 26. Rfh5 Qf7 27. Rxh6+
gxh6 28. Rxh6+ Qh7 29. Rxh7+ Rxh7 30. Qf5 Rb7 31. d6 Kg7 32. d7 Nd6 33. Qg4+
Kf7 34. Qxg8+ 1-0

[Event "Mhan 2009"]
[Site "Arradon"]
[Date "2008.11.15"]
[Round "2.2"]
[White "Le Corre, Patrick"]
[Black "Dujardin, Bernard"]
[Result "1-0"]
[WhiteElo "2022"]
[BlackElo "1791"]
[Annotator "Salaun,Michel"]
[PlyCount "37"]
[EventDate "2008.11.15"]
[EventType "swiss"]
[EventRounds "2"]
[EventCountry "FRA"]
[SourceDate "2008.12.01"]

1. e4 d6 2. d4 Nf6 3. Nc3 c6 4. f4 Bg4 5. Nf3 g6 6. h3 Bxf3 7. Qxf3 Qb6 8. e5
dxe5 9. fxe5 Nh5 10. g4 Ng7 11. Bc4 Qxd4 12. Qxf7+ Kd8 13. Bf4 Nd7 14. Rd1 Qc5
15. Be6 Nxe6 16. Qxe6 Ke8 17. Rxd7 Qb4 18. O-O Qxb2 19. Ne4 1-0

[Event "Mhan 2009"]
[Site "Arradon"]
[Date "2008.11.15"]
[Round "2.21"]
[White "Bier, Henriette"]
[Black "Audren, Jean"]
[Result "0-1"]
[WhiteElo "1080"]
[BlackElo "1520"]
[Annotator "Salaun,Michel"]
[PlyCount "69"]
[EventDate "2008.11.15"]
[EventType "swiss"]
[EventRounds "2"]
[EventCountry "FRA"]
[SourceDate "2008.12.01"]

1. e4 c5 2. Nf3 e6 3. d4 cxd4 4. Nxd4 Nf6 5. Nc3 a6 6. Nf3 Nc6 7. Bg5 Be7 8. e5
Ng4 9. Bf4 Qb6 10. Ne4 Bc5 11. Bg3 Nh6 12. Nxc5 Qxc5 13. Bd3 Nf5 14. Bf4 Nce7
15. Qd2 b5 16. Be4 Rb8 17. O-O h6 18. Kh1 Ng6 19. Bxf5 Nxf4 20. Qxf4 exf5 21.
Nd4 O-O 22. Qxf5 Qd5 23. c3 Bb7 24. f3 Rbe8 25. h3 Rxe5 26. Qf4 f6 27. Qd2 Bc6
28. b4 Rfe8 29. a3 Re3 30. Qf2 Rxc3 31. Rad1 Qg5 32. Nxc6 dxc6 33. Rg1 Rxa3 34.
Rd6 Rc3 35. Qb6 {Suite illisible. 55 ou 56 coups.} 0-1

[Event "Mhan 2009"]
[Site "Arradon"]
[Date "2008.11.15"]
[Round "2.17"]
[White "Merbeth, Paul"]
[Black "Marechal, Daniel"]
[Result "1-0"]
[WhiteElo "1299"]
[BlackElo "1590"]
[Annotator "Salaun,Michel"]
[PlyCount "67"]
[EventDate "2008.11.15"]
[EventType "swiss"]
[EventRounds "2"]
[EventCountry "FRA"]
[SourceDate "2008.12.01"]

1. e4 c5 2. Nf3 e6 3. d4 cxd4 4. Nxd4 Nc6 5. Nc3 a6 6. Be2 Bc5 7. Be3 Ba7 8.
Qd2 Nf6 9. f3 O-O 10. O-O-O Ne7 11. g4 d5 12. e5 Nd7 13. f4 Nc5 14. h4 f6 15.
exf6 Rxf6 16. g5 Rf8 17. h5 b5 18. a3 Bd7 19. g6 h6 20. f5 Nxf5 21. Nxf5 Rxf5
22. Bxh6 Qf6 23. Bxg7 Qg5 24. h6 Qxd2+ 25. Rxd2 Nb7 26. Bd4 Bxd4 27. Rxd4 Nd6
28. g7 Rg5 29. Rg4 Nf7 30. Rxg5 Nxg5 31. Bd3 Nh7 32. Rf1 d4 33. Bxh7+ Kxh7 34.
Rf8 1-0

[Event "Mhan 2009"]
[Site "Arradon"]
[Date "2008.11.15"]
[Round "2.5"]
[White "Siclet, Mathieu"]
[Black "Jolivel, Dominique"]
[Result "1/2-1/2"]
[WhiteElo "1776"]
[BlackElo "1935"]
[Annotator "Salaun,Michel"]
[PlyCount "71"]
[EventDate "2008.11.15"]
[EventType "swiss"]
[EventRounds "2"]
[EventCountry "FRA"]
[SourceDate "2008.12.01"]

1. e4 c5 2. Nf3 d6 3. d4 cxd4 4. Nxd4 Nf6 5. Nc3 g6 6. Be2 Bg7 7. O-O O-O 8.
Re1 Nbd7 9. Nb3 a6 10. Bg5 b5 11. Bf1 Bb7 12. a3 Rc8 13. Rc1 Re8 14. h3 Ne5 15.
Bxf6 Bxf6 16. Nd5 Bg7 17. c3 e6 18. Nb4 Qb6 19. Qd2 Red8 20. Kh1 a5 21. Nc2 d5
22. exd5 Bxd5 23. Nbd4 Bc4 24. f4 Nc6 25. Rcd1 Nxd4 26. Nxd4 Bxf1 27. Rxf1 b4
28. axb4 axb4 29. Qe3 bxc3 30. bxc3 Qc5 31. Rd3 Rd5 32. Rfd1 Rcd8 33. Qe4 Qc4
34. Qe2 Bxd4 35. Qe4 Rc8 36. Rxd4 1/2-1/2

[Event "Mhan 2009"]
[Site "Arradon"]
[Date "2008.11.15"]
[Round "2.20"]
[White "Rivalin, Patrick"]
[Black "Dumont, Gerard"]
[Result "0-1"]
[WhiteElo "1574"]
[BlackElo "1160"]
[Annotator "Salaun,Michel"]
[PlyCount "44"]
[EventDate "2008.11.15"]
[EventType "swiss"]
[EventRounds "2"]
[EventCountry "FRA"]
[SourceDate "2008.12.01"]

1. d4 d5 2. c4 Nf6 3. Nc3 c6 4. Nf3 Bg4 5. e3 e6 6. Be2 Nbd7 7. O-O Bd6 8. cxd5
exd5 9. Ng5 Bxe2 10. Qxe2 O-O 11. Re1 Re8 12. Bd2 Ne4 13. Ncxe4 dxe4 14. Nh3
Nf6 15. Bc3 h6 16. Rad1 Qe7 17. f3 Qe6 18. a3 Qf5 19. Rf1 Qh5 20. Nf4 Qh4 21.
d5 Nxd5 22. Nxd5 Qxh2+ 0-1

[Event "Mhan 2009"]
[Site "Arradon"]
[Date "2008.11.15"]
[Round "2.19"]
[White "Cathary, Antoine"]
[Black "Tonal, Jean Jacques"]
[Result "0-1"]
[WhiteElo "1250"]
[BlackElo "1578"]
[Annotator "Salaun,Michel"]
[PlyCount "46"]
[EventDate "2008.11.15"]
[EventType "swiss"]
[EventRounds "2"]
[EventCountry "FRA"]
[SourceDate "2008.12.01"]

1. e4 d6 2. Nc3 g6 3. b3 Bg7 4. Bb2 Nf6 5. Qf3 O-O 6. Nd5 Nxd5 7. Bxg7 Kxg7 8.
exd5 c6 9. h4 h5 10. g4 Bxg4 11. Qc3+ Kg8 12. f3 Bd7 13. O-O-O cxd5 14. Bh3
Bxh3 15. Nxh3 Nc6 16. d4 Rc8 17. a4 Qa5 18. Qd3 Nb4 19. Qf1 Nxc2 20. Kb1 Qc3
21. Kc1 Ne3+ 22. Kb1 Qxb3+ 23. Ka1 Nc2# 0-1

[Event "Mhan 2009"]
[Site "Arradon"]
[Date "2008.11.15"]
[Round "2.13"]
[White "Payet, Quentin"]
[Black "Le Borgne, Christian"]
[Result "1-0"]
[WhiteElo "2050"]
[BlackElo "1499"]
[Annotator "Salaun,Michel"]
[PlyCount "41"]
[EventDate "2008.11.15"]
[EventType "swiss"]
[EventRounds "2"]
[EventCountry "FRA"]
[SourceDate "2008.12.01"]

1. e4 e5 2. Nf3 Nc6 3. Bc4 Bc5 4. c3 d6 5. d4 exd4 6. cxd4 Bb4+ 7. Bd2 Bxd2+ 8.
Nbxd2 Bg4 9. Qb3 b6 10. Bxf7+ Kd7 11. Bd5 Nf6 12. Bxc6+ Kxc6 13. Rc1+ Kd7 14.
Qf7+ Qe7 15. Rxc7+ Kxc7 16. Qxe7+ Kb8 17. Qxd6+ Kb7 18. O-O h5 19. Qe7+ Kc8 20.
Rc1+ Kb8 21. Qc7# 1-0

[Event "Mhan 2009"]
[Site "Arradon"]
[Date "2008.11.15"]
[Round "2.18"]
[White "Sellin, Alain"]
[Black "Derrien, Cyrille"]
[Result "1-0"]
[WhiteElo "1590"]
[BlackElo "1160"]
[Annotator "Salaun,Michel"]
[PlyCount "75"]
[EventDate "2008.11.15"]
[EventType "swiss"]
[EventRounds "2"]
[EventCountry "FRA"]
[SourceDate "2008.12.01"]

1. e4 e5 2. Nf3 Nc6 3. Bb5 Bc5 4. c3 Nf6 5. d4 exd4 6. cxd4 Bb6 7. O-O a6 8.
Ba4 Nxe4 9. d5 Ne7 10. Bc2 Nd6 11. Bg5 f6 12. Bf4 O-O 13. Nc3 Bc5 14. h4 c6 15.
h5 h6 16. Qd3 f5 17. a3 a5 18. Na4 b6 19. Nxc5 bxc5 20. Bxd6 Rf6 21. Bxc5 Nxd5
22. Bb3 d6 23. Bxd5+ cxd5 24. Qxd5+ Be6 25. Qxd6 Qxd6 26. Bxd6 Bc4 27. Rfc1 Bd3
28. Be5 Rf7 29. Rc3 Rd8 30. Rac1 Ba6 31. Bc7 Rc8 32. Bxa5 Rxc3 33. Bxc3 f4 34.
Re1 Kh7 35. Nh4 Bd3 36. b4 g6 37. hxg6+ Bxg6 38. Re8 1-0

[Event "Mhan 2009"]
[Site "Arradon"]
[Date "2008.11.15"]
[Round "2.22"]
[White "Potier, Pierre"]
[Black "Cheneau, Alain"]
[Result "1-0"]
[WhiteElo "1520"]
[BlackElo "1030"]
[Annotator "Salaun,Michel"]
[PlyCount "47"]
[EventDate "2008.11.15"]
[EventType "swiss"]
[EventRounds "2"]
[EventCountry "FRA"]
[SourceDate "2008.12.01"]

1. e4 e5 2. Nf3 Nf6 3. Nc3 Nc6 4. Bb5 a6 5. Bxc6 bxc6 6. d3 Bd6 7. h3 c5 8. b3
a5 9. Bb2 c6 10. Qd2 O-O 11. Rd1 Nh5 12. Ne2 Nf4 13. Rg1 Qf6 14. Nxf4 exf4 15.
Bxf6 gxf6 16. Nh4 Bc7 17. Nf5 Re8 18. g3 Kf8 19. Qc3 d5 20. Qxf6 Be5 21. Qh6+
Kg8 22. gxf4+ Kh8 23. Rg7 Re6 24. Qxh7# 1-0

[Event "Mhan 2009"]
[Site "Arradon"]
[Date "2008.11.15"]
[Round "2.8"]
[White "Lages, Michel"]
[Black "Trelohan, Henri"]
[Result "1-0"]
[WhiteElo "1903"]
[BlackElo "1719"]
[Annotator "Salaun,Michel"]
[PlyCount "99"]
[EventDate "2008.11.15"]
[EventType "swiss"]
[EventRounds "2"]
[EventCountry "FRA"]
[SourceDate "2008.12.01"]

1. c4 c6 2. Nc3 Nf6 3. g3 d5 4. cxd5 Nxd5 5. Bg2 e6 6. Nf3 Bd6 7. O-O O-O 8. d4
Nd7 9. a3 h6 10. Nd2 N7b6 11. Nce4 Bc7 12. b4 a6 13. Bb2 Re8 14. f4 Ne3 15. Qc1
Nxf1 16. Nxf1 Na4 17. e3 Nxb2 18. Qxb2 Bb6 19. Nfd2 Qe7 20. Nc4 Bc7 21. Rc1 Rd8
22. Qc3 Bd7 23. Nc5 Bc8 24. Nd3 Rb8 25. Nde5 Bxe5 26. Nxe5 Bd7 27. Bf3 Be8 28.
Nd3 Qc7 29. Ne5 f6 30. Nd3 Rd6 31. Nb2 Rbd8 32. Nc4 R6d7 33. Bg4 Re7 34. Bf3
Bd7 35. Qb3 Kh8 36. Qc3 Rde8 37. e4 Bc8 38. e5 Rd8 39. exf6 Rf7 40. fxg7+ Rxg7
41. Re1 Qxf4 42. Re4 Qf6 43. Ne5 Kg8 44. Kh1 Qe7 45. Ng4 Qg5 46. Re5 Qg6 47.
Qd2 h5 48. Nh6+ Kf8 49. Qf4+ Ke8 50. Bxh5 1-0

[Event "Mhan 2009"]
[Site "Arradon"]
[Date "2008.11.15"]
[Round "2.3"]
[White "Hocher, Eugene"]
[Black "Duplessy, Franck"]
[Result "0-1"]
[WhiteElo "1816"]
[BlackElo "2011"]
[Annotator "Salaun,Michel"]
[PlyCount "102"]
[EventDate "2008.11.15"]
[EventType "swiss"]
[EventRounds "2"]
[EventCountry "FRA"]
[SourceDate "2008.12.01"]

1. d4 d5 2. c4 Nc6 3. Nf3 Bg4 4. e3 e5 5. cxd5 Qxd5 6. Nc3 Bb4 7. Be2 Bxf3 8.
Bxf3 e4 9. Be2 Nf6 10. Bd2 Bxc3 11. bxc3 O-O 12. c4 Qd6 13. Rb1 Rfb8 14. O-O
Nd8 15. Bb4 Qd7 16. Qc2 c6 17. a4 Ne6 18. Rfd1 Qc7 19. Bc3 Rd8 20. Rb3 Rd7 21.
Rdb1 Nd8 22. R3b2 Qd6 23. a5 Qe6 24. Qa4 a6 25. Rb6 Qf5 26. Qb3 Rc7 27. Qa2 Nd7
28. R6b2 h6 29. Rd1 Rac8 30. Qb1 Nf6 31. d5 cxd5 32. Bxf6 Qxf6 33. Rxd5 Ne6 34.
Rxb7 Rc5 35. Rxc5 Nxc5 36. Rb8 Rxb8 37. Qxb8+ Kh7 38. Qb1 Qc3 39. h3 Qxa5 40.
Bg4 g6 41. Qb2 Qc7 42. h4 h5 43. Be2 a5 44. g3 a4 45. Qb4 Qa7 46. Qa3 Qa5 47.
Kg2 Nd3 48. Bxd3 exd3 49. Kf1 Qd2 50. Qf8 Qc1+ 51. Kg2 Qxc4 0-1

[Event "Mhan 2009"]
[Site "Arradon"]
[Date "2008.11.15"]
[Round "2.1"]
[White "Annetti, Laurent"]
[Black "Salaun, Michel"]
[Result "1-0"]
[WhiteElo "1858"]
[BlackElo "2036"]
[Annotator "Salaun,Michel"]
[PlyCount "76"]
[EventDate "2008.11.15"]
[EventType "swiss"]
[EventRounds "2"]
[EventCountry "FRA"]
[SourceDate "2008.12.01"]

1. e4 e5 2. Nf3 Nc6 3. Bc4 Nf6 4. Ng5 d5 5. exd5 b5 6. Bf1 Nxd5 7. Bxb5 Bd7 8.
Nxf7 Qf6 9. Nxh8 Bc5 10. Qf3 Qxf3 11. gxf3 Ke7 12. c3 Rxh8 13. d4 exd4 14. Bg5+
Kd6 15. Nd2 Ne5 16. Ne4+ Ke6 17. Nxc5+ Kf5 18. Bxd7+ Kxg5 19. Rg1+ Kf6 20.
O-O-O Nf4 21. Kb1 dxc3 22. Ne4+ Kf7 23. Nxc3 Rb8 24. Bf5 c5 25. Be4 c4 26. Rd2
g6 27. Rgd1 Kg7 28. Rd8 Rb6 29. Nd5 Nxd5 30. R8xd5 Kf6 31. f4 Ng4 32. Rd6+ Kg7
33. Rd7+ Kh6 34. Rxa7 c3 35. Rdd7 Rxb2+ 36. Kc1 Nf6 37. Rf7 Rb6 38. a4 Kh5 1-0

[Event "Mhan 2009"]
[Site "Arradon"]
[Date "2008.11.15"]
[Round "2.4"]
[White "Gallois, Jerome"]
[Black "Pinel, Jeremy"]
[Result "1-0"]
[WhiteElo "2000"]
[BlackElo "1787"]
[Annotator "Salaun,Michel"]
[PlyCount "69"]
[EventDate "2008.11.15"]
[EventType "swiss"]
[EventRounds "2"]
[EventCountry "FRA"]
[SourceDate "2008.12.01"]

1. Nc3 c5 2. Nf3 Nc6 3. d4 cxd4 4. Nxd4 Nf6 5. g3 e5 6. Nb3 Be7 7. Bg2 O-O 8.
O-O d6 9. Bg5 Be6 10. Qd2 Qb8 11. f4 a5 12. f5 Bc4 13. Rad1 Rd8 14. Nc1 h6 15.
Be3 Ng4 16. b3 Ba6 17. Nd5 Nxe3 18. Qxe3 Bg5 19. Qe4 Qa7+ 20. Kh1 Nd4 21. c4 a4
22. e3 axb3 23. axb3 Nc6 24. f6 b5 25. h4 Bxf6 26. Nxf6+ gxf6 27. Qg4+ Kf8 28.
Bxc6 Rac8 29. cxb5 Bxb5 30. Bxb5 Qb7+ 31. Qf3 Qxb5 32. Qxf6 Qb7+ 33. Kg1 Qa7
34. Qh8+ Ke7 35. Rxf7+ 1-0

[Event "Mhan 2009"]
[Site "Arradon"]
[Date "2008.11.15"]
[Round "2.7"]
[White "Deslias, Gregoire"]
[Black "Stephan, Arthur"]
[Result "1-0"]
[WhiteElo "1726"]
[BlackElo "1906"]
[Annotator "Salaun,Michel"]
[PlyCount "65"]
[EventDate "2008.11.15"]
[EventType "swiss"]
[EventRounds "2"]
[EventCountry "FRA"]
[SourceDate "2008.12.01"]

1. d4 Nf6 2. c4 g6 3. Nc3 Bg7 4. e4 d6 5. Be2 O-O 6. Bg5 Na6 7. Qd2 e5 8. d5
Nc5 9. f3 a5 10. g4 c6 11. h4 cxd5 12. cxd5 Bd7 13. h5 Qe8 14. hxg6 fxg6 15.
Bh6 Rf7 16. Nh3 b5 17. Ng5 Re7 18. Ne6 Bxe6 19. dxe6 Nxe6 20. Bxb5 Qd8 21. Nd5
Nxd5 22. Qxd5 Rc8 23. Bg5 Qb6 24. Bxe7 Qe3+ 25. Be2 Rc2 26. Qd3 Rc1+ 27. Rxc1
Qxc1+ 28. Qd1 Qxb2 29. Qb3 Qc1+ 30. Kf2 Qc5+ 31. Kg3 Kf7 32. Qb7 Qe3 33. Bg5+
1-0

[Event "Mhan 2009"]
[Site "Arradon"]
[Date "2008.11.15"]
[Round "2.16"]
[White "Roussel, Bernard"]
[Black "Cheneau, Lionel"]
[Result "1-0"]
[WhiteElo "1600"]
[BlackElo "1290"]
[Annotator "Salaun,Michel"]
[PlyCount "69"]
[EventDate "2008.11.15"]
[EventType "swiss"]
[EventRounds "2"]
[EventCountry "FRA"]
[SourceDate "2008.12.01"]

1. d4 d5 2. c4 e6 3. a3 h6 4. Nc3 Bd7 5. Nf3 Bd6 6. e3 Nf6 7. c5 Be7 8. Ne5 c6
9. b4 Ne4 10. Nxe4 dxe4 11. Qg4 Bf6 12. Qxe4 Bxe5 13. dxe5 f5 14. exf6 Qxf6 15.
Qd4 e5 16. Qd6 Qd8 17. Qxe5+ Kf8 18. Bb2 Qf6 19. Qxf6+ gxf6 20. Bc4 Kg7 21. Rd1
Re8 22. Rd6 Rf8 23. h3 Bf5 24. g4 Be4 25. Rg1 Bg6 26. f4 Be8 27. e4 Nd7 28. g5
Bg6 29. Rxd7+ Bf7 30. Bxf6+ Kg6 31. f5+ Kh7 32. g6+ Kg8 33. Bxf7+ Rxf7 34.
gxf7+ Kh7 35. f8=Q# 1-0